| 000 | 00492nam a2200145Ia 4500 | ||
|---|---|---|---|
| 008 | 150121s9999 xx 000 0 und d | ||
| 020 | _a2244-1875 | ||
| 245 |
_aΦιλοσοφία : _bInternational Journal of Philosophy / _h[electronic resource] |
||
| 260 |
_bPhilippine National Philosophical Research Society, _c2015. |
||
| 516 | _aElectronic text | ||
| 650 | _aPhilosophy. | ||
| 830 | _aPhilippine E-Journals | ||
| 856 | _uhttp://www.ejournals.ph/index.php?journal=PIJP | ||
| 942 | _cEJ | ||
| 999 |
_c277094 _d277094 |
||